000 00871cam a2200217 4500
001 WB3715-11
008 000000n2001 000 0 eng u
035 _a(Sirsi) u111962
245 _aPFI benefits are small in NHS
260 _c2001
490 _aFinancial Times
_v 10 April 2001, 7(1)
520 _aA study by the Office of Health Economics claims that the benefits of the PFI in the NHS could be achieved without the additional costs. It concludes that the advantages are slight, and that the benefits of PFI could be applied to build new hospitals using public money. Http://www.ohe.org
590 _aWB
650 _aPRIVATE FINANCE INITIATIVE
650 _aNATIONAL HEALTH SERVICE
650 _aHOSPITALS
650 _aOFFICE OF HEALTH ECONOMICS
650 _aPROJECTS
690 _aMANAGEMENT-BUSINESS MANAGEMENT-FINANCIAL MANAGEMENT
942 _n0
999 _c66711
_d66711